00776nam a2200229 a 450000100060000000300080000600500170001400800410003103500190007204000260009104100080011708200240012510000680014924500360021726000530025330000320030650400190033865000220035794200120037999900170039195201380040866236BD-RjUL20211209081520.0170315s1965 maua 001 0 eng d a(BD-RjUL)66366 aBD-RjULbengcBD-RjUL aeng 223a620.3bBIV 19651 aBishop, R. E. D.q(Richard Evelyn Donohue),d1925-1989.919602010aVibration /cby R. E. D. Bishop aCambridge :bCambridge University Press,cc1979. a[6], 120 p :bill ;c23 cm. aIncludes index 0aVibration9196021 2ddccBK c66236d66236 00102ddc40718NFICaRUCLbRUCLcReadingd1969-11-12eZeitlingerg0.30l0o620.3 BIV 1965r2017-03-15 00:00:00tC-1w2021-12-09yBK